000 00919nam a2200217Ia 4500
999 _c37447
_d37447
001 3406
003 GE_BSU
005 20190605210225.0
008 181216s1975||||ge |||||||||||||| ||geo||
040 _cGE_BSU
041 _ageo
080 _a621.01(075.8) თ–20
100 _aთავხელიძე, დ
_9914
245 _aმექანიზმებისა და მანქანების თეორია. ნაწ. ll : სახელმძღვ. /
_cდ. თავხელიძე ; რედ : ლ. მაღულარია.
264 _aთბილისი :
_bგანათლება,
_c1975.
300 _a219 გვ .:
_c22 სმ.
653 _aმექანიზმების თეორია
653 _aმანქანების თეორია
700 _aმაღულარია, ლ
_eრედაქტორი
_92213
942 _cBK
_2udc